000 00538nam a2200193Ia 4500
003 LDD
008 181029s9999 xx 000 0 und d
020 _a8189239147
_c500.00
040 _cLDD
100 _aNarang, Ashok
245 0 _aIndian rural problems
_cAshok Narang
260 _aNew Delhi
_bMurari Lal and Sons
_c2006
300 _av, 290p.
365 _b500.00
901 _a4117
_b21-01-2008
902 _aI-996
_b29-01-2008
_cF
_dAAKAR
_e311
903 _aDiscount-15
_bReqst by : Gurchain Singh
942 _2ddc
_cBK
999 _c79543
_d79543